000 00782nam a2200265 i 4500
003 DO-SdBNP
005 20240207081128.0
007 ta
008 240207b2022 sp ||||| |||| 00| 0 spa d
020 _a9788419113764
040 _aDO-SdBNP
_bspa
_cBNPHU
_erda
082 4 _222
100 _aSabaris, Arlene,
_976214
_eautora
245 1 0 _aSi me quisieras /
_cArlene Sabaris
264 _aBarcelona, España :
_bPenguin Random House,
_c2022.
300 _a235 páginas ;
_c22 cm.
336 _2rdacontent
_atexto
_btxt
337 _2rdamedia
_asin mediación
_bn
338 _2rdacarrier
_avolumen
_bnc
490 _aSelecta
500 _aIncluye datos biográficos de la autora en la contracubierta
590 _aInventariado, 2024/BT
910 _aBtavárez
942 _2ddc
_cLBS1
999 _c55818
_d55818